|
|
|
|
| LEADER |
00000nam0a2200000 4500 |
| 001 |
313801 |
| 005 |
20231102002620.0 |
| 035 |
|
|
|a (RuTPU)RU\TPU\book\339187
|
| 090 |
|
|
|a 313801
|
| 100 |
|
|
|a 20160203d1989 m y0rusy50 ca
|
| 101 |
0 |
|
|a rus
|
| 102 |
|
|
|a RU
|
| 105 |
|
|
|a y z 000ay
|
| 200 |
1 |
|
|a Работа над ошибками
|e повесть
|f Ю. М. Поляков
|
| 210 |
|
|
|a Москва
|c Современник
|d 1989
|
| 215 |
|
|
|a 176 с.
|
| 225 |
1 |
|
|a В начале жизни
|
| 606 |
1 |
|
|a Русская литература современная
|2 stltpush
|3 (RuTPU)RU\TPU\subj\26373
|9 50316
|
| 610 |
1 |
|
|a художественная литература
|
| 610 |
1 |
|
|a советская литература
|
| 610 |
1 |
|
|a повести
|
| 610 |
1 |
|
|a учителя
|
| 610 |
1 |
|
|a ученики
|
| 675 |
|
|
|a Р2
|v 4
|
| 700 |
|
1 |
|a Поляков
|b Ю. М.
|c российкий писатель
|f 1954-
|g Юрий Михайлович
|2 stltpush
|3 (RuTPU)RU\TPU\pers\44818
|4 070
|9 21852
|
| 801 |
|
1 |
|a RU
|b 63413507
|c 20160203
|
| 801 |
|
2 |
|a RU
|b 63413507
|c 20201222
|g RCR
|
| 942 |
|
|
|c BK
|